Возвращайтесь журавли!: повести, рассказы о героях, военные были, портреты

Bibliografiske detaljer
Hovedforfatter: Роготченко А. П. Алексей Петрович
Summary:Исключено из фонда НТБ ТПУ
Sprog:russisk
Udgivet: Киев, Днiпро, 1986
Format: MixedMaterials Bog
KOHA link:https://koha.lib.tpu.ru/cgi-bin/koha/opac-detail.pl?biblionumber=148099

MARC

LEADER 00000nam0a2200000 4500
001 148099
005 20231031145314.0
035 |a (RuTPU)RU\TPU\book\160532 
090 |a 148099 
100 |a 20081126d1986 m y0rusy5003 ca 
101 0 |a rus 
102 |a UA 
105 |a y z 000ay 
200 1 |a Возвращайтесь журавли!  |e повести, рассказы о героях, военные были, портреты  |f А. П. Роготченко 
210 |a Киев  |c Днiпро  |d 1986 
215 |a 447 с., ил. 
333 |a Исключено из фонда НТБ ТПУ 
700 1 |a Роготченко  |b А. П.  |g Алексей Петрович 
801 0 |a RU  |b RuMRKP  |c 19950704  |g psbo 
801 1 |a RU  |b 63413507  |c 20081126  |g PSBO 
801 2 |a RU  |b 63413507  |c 20220516  |g PSBO 
942 |c BK